| 000 | 00647nam a2200229Ia 4500 | ||
|---|---|---|---|
| 003 | OSt | ||
| 005 | 20221005065809.0 | ||
| 006 | a|||||r|||| 00| 0 | ||
| 007 | ta | ||
| 008 | 221004b |||||||| |||| 00| 0 eng d | ||
| 024 | _a57574 | ||
| 037 | _cTextual | ||
| 040 |
_aCRL _cCRL _beng |
||
| 041 |
_2eng _aeng |
||
| 082 | _aU:58:N5, K5 | ||
| 100 |
_aMikhailov Nikolai _9604995 |
||
| 245 | 0 | _aDiscovering the Soviet Union tr from the Russian by David Skvirsky. | |
| 260 |
_aMoscow _bProgress Publishers Russia _c1965 |
||
| 650 | _aGEOGRAPHY | ||
| 942 |
_hU:58:N5, K5 _cTEXL _2cc |
||
| 999 |
_c975207 _d975207 |
||